|
|
|
|
| LEADER |
00822nam a2200277 4500 |
| 001 |
DLU180186434 |
| 005 |
##20180823 |
| 040 |
# |
# |
|a DLU
|b vie
|
| 041 |
# |
# |
|a vie
|
| 044 |
# |
# |
|a vn
|
| 100 |
# |
# |
|a Cao Hải An,
|c ThS.
|
| 245 |
# |
# |
|a Rèn tính tự lập cho trẻ trong những năm đầu đời /
|a Cao Hải An, Hoàng Văn Hùng.
|
| 653 |
# |
# |
|a Rèn luyện
|
| 653 |
# |
# |
|a Tính tự lập
|
| 653 |
# |
# |
|a Trẻ em
|
| 700 |
# |
# |
|a Hoàng Văn Hùng,
|c ThS.
|
| 773 |
# |
# |
|t Tạp chí dạy và học ngày nay
|g Số 12, 2015, tr. 51-52
|
| 920 |
# |
# |
|a Phòng Tạp chí -- Trung tâm Thông tin - Thư viện Trường Đại học Đà Lạt
|
| 994 |
# |
# |
|a DLU
|
| 900 |
# |
# |
|a True
|
| 911 |
# |
# |
|a Trần Thị Minh Hương
|
| 925 |
# |
# |
|a G
|
| 926 |
# |
# |
|a A
|
| 927 |
# |
# |
|a BB
|
| 980 |
# |
# |
|a Thư viện Trường Đại học Đà Lạt
|